000
00328 a2200109 4500
001
ART_17083
005
20260410161719.0
008
260409a
245
1
0
_a
La responsabilidad del Estado en emergencia
100
1
_a
Toricelli, Maximiliano
773
0
_t
Derecho administrativo
_g
- NÂș 85 (feb. 2013)
_w
REV1721
999
_c
16761
_d
16761